|
|
|
|
| LEADER |
00000nab a2200000 a 4500 |
| 001 |
vtls011132670 |
| 003 |
SK-MaSNL |
| 005 |
20260303151051.0 |
| 008 |
230222|2001 xo |||||||||||||||||slo| |
| 015 |
|
|
|a SNBRB
|
| 035 |
|
|
|a (uuid)50ef4fb7-006f-42b7-9ee9-4af7974ceca1
|
| 035 |
|
|
|a (urnnbn)urn:nbn:sk:snk:ar-a09mto
|
| 035 |
|
|
|a urn:nbn:sk:snk-abaagc
|
| 040 |
|
|
|a SNKBUCL
|b slo
|c SNKBUCL
|e AACR2
|
| 041 |
0 |
|
|a slo
|
| 044 |
|
|
|a xo
|c SK
|
| 100 |
1 |
|
|a Bučka, Pavel,
|d 1957-
|4 aut
|9 412410
|
| 245 |
1 |
0 |
|a ÚČINNOSŤ PALEBNÉHO PÔSOBENIA LETECTVA PROTI POZEMNÝM CIEĽOM
|c Pavel Bučka, Vojtěch Májek, Karel Peltan
|
| 700 |
1 |
|
|a Májek, Vojtěch
|4 aut
|9 790132
|
| 700 |
1 |
|
|a Peltan, Karel
|4 aut
|9 1170214
|
| 773 |
0 |
|
|t Zborník Vojenskej akadémie Slovenského národného povstania
|g Roč. 8, č. 4 (2001), s. 41-48
|
| 954 |
|
|
|a odborná, vedecká literatúra pôvodná (slovenská)
|2 lita
|
| 958 |
|
|
|a OND
|
| 958 |
|
|
|a EUIPO
|
| 958 |
|
|
|a article13
|
| 999 |
|
|
|c 2015665
|d 2017595
|